[Event "GER-chT U20 Girls"]
[Site "Osnabrueck"]
[Date "2011.12.29"]
[Round "6.3"]
[White "Dannert, Katrin"]
[Black "Jaeger, Jasmin"]
[Result "1-0"]
[WhiteElo "1356"]
[BlackElo "736"]
[PlyCount "43"]
[EventDate "2011.12.27"]
[EventType "team-swiss"]
[EventRounds "7"]
[EventCountry "GER"]
[SourceTitle "CBM 146 Extra"]
[Source "ChessBase"]
[SourceDate "2012.02.29"]
[SourceVersion "1"]
[SourceVersionDate "2012.02.29"]
[SourceQuality "1"]
[WhiteTeam "Lingen (W)"]
[BlackTeam "Kassel (W)"]
[WhiteTeamCountry "GER"]
[BlackTeamCountry "GER"]

1. e4 d6 2. d4 e5 3. dxe5 dxe5 4. Qxd8+ Kxd8 5. Nc3 Nc6 6. Be3 Bd6 7. Bc4 Ke8 8. Nf3 Nf6 9. 0-0 Ke7 10. h3 Re8 11. Rad1 Kf8 12. Nd5 Nxd5 13. Bxd5 Ne7 14. Bb3 Bd7 15. Ng5 h6 16. Nxf7 Nc8 17. Nxd6 cxd6 18. f4 Bb5 19. Rf2 exf4 20. Rxf4+ Ke7 21. e5 dxe5 22. Rf7# 1-0

[Event "GER-chT U20 Girls"]
[Site "Osnabrueck"]
[Date "2011.12.29"]
[Round "5.3"]
[White "Rosenfeld, Elisabeth"]
[Black "Dannert, Katrin"]
[Result "1-0"]
[WhiteElo "1659"]
[BlackElo "1356"]
[PlyCount "53"]
[EventDate "2011.12.27"]
[EventType "team-swiss"]
[EventRounds "7"]
[EventCountry "GER"]
[SourceTitle "CBM 146 Extra"]
[Source "ChessBase"]
[SourceDate "2012.02.29"]
[SourceVersion "1"]
[SourceVersionDate "2012.02.29"]
[SourceQuality "1"]
[WhiteTeam "Muelheim Nord (W)"]
[BlackTeam "Lingen (W)"]
[WhiteTeamCountry "GER"]
[BlackTeamCountry "GER"]

1. e4 e5 2. f4 exf4 3. d4 Be7 4. Bxf4 d5 5. exd5 Qxd5 6. Bxc7 Qe4+ 7. Ne2 Bh4+ 8. Bg3 Bxg3+ 9. hxg3 Bf5 10. Na3 Nf6 11. Qd2 0-0 12. 0-0-0 Nc6 13. Nc3 Qg4 14. Qf4 Qg6 15. d5 Ne7 16. Bd3 Bxd3 17. Rxd3 Rad8 18. d6 Nf5 19. Nc4 Nh5 20. Qf2 Nhxg3 21. Rh3 Qg5+ 22. Kb1 Nh5 23. Rd5 g6 24. a3 Kh8 25. Qf3 Nf4 26. Ne4 Nh4 27. Qc3+ 1-0